[Event "Nabereznye Chelny op 8th"]
[Site "Nabereznye Chelny"]
[Date "2010.01.25"]
[Round "7"]
[White "Sadykov, Aidar"]
[Black "Nikolaev, Alexander"]
[Result "0-1"]
[WhiteElo "2267"]
[BlackElo "2112"]
[PlyCount "74"]
[EventDate "2010.01.19"]
[EventType "swiss"]
[EventRounds "9"]
[EventCountry "RUS"]
[SourceTitle "CBM 134 Extra"]
[Source "ChessBase"]
[SourceDate "2010.03.03"]
[SourceVersion "1"]
[SourceVersionDate "2010.03.03"]
[SourceQuality "1"]

1. e4 e6 2. d4 d5 3. Nd2 Nf6 4. e5 Nfd7 5. Bd3 c5 6. c3 Nc6 7. Ne2 cxd4 8. cxd4 f6 9. exf6 Nxf6 10. 0-0 Bd6 11. Nf3 Qc7 12. Nc3 a6 13. Bg5 0-0 14. Bh4 Nh5 15. a3 Bd7 16. Bc2 g6 17. Bg3 Nxg3 18. hxg3 b5 19. Rc1 Qb6 20. Qd2 Kg7 21. Rfe1 Na5 22. Ne5 Bxe5 23. dxe5 Nc4 24. Qe2 Nxb2 25. Bxg6 hxg6 26. Qxb2 Rac8 27. Nxd5 Rxc1 28. Rxc1 exd5 29. e6+ d4 30. exd7 Rd8 31. Rc8 Rxd7 32. Qb3 Rd8 33. Rc1 d3 34. Re1 d2 35. Re7+ Kh6 36. Qd1 Qc5 37. Kf1 Qxe7 0-1

[Event "Nabereznye Chelny op 8th"]
[Site "Nabereznye Chelny"]
[Date "2010.01.22"]
[Round "4"]
[White "Ponomaryov, Oleg"]
[Black "Sadykov, Aidar"]
[Result "0-1"]
[WhiteElo "2004"]
[BlackElo "2267"]
[PlyCount "58"]
[EventDate "2010.01.19"]
[EventType "swiss"]
[EventRounds "9"]
[EventCountry "RUS"]
[SourceTitle "CBM 134 Extra"]
[Source "ChessBase"]
[SourceDate "2010.03.03"]
[SourceVersion "1"]
[SourceVersionDate "2010.03.03"]
[SourceQuality "1"]

1. d4 Nf6 2. c4 e6 3. Nf3 b6 4. g3 Ba6 5. Nbd2 d5 6. Bg2 c6 7. Ne5 Be7 8. 0-0 0-0 9. b3 Nfd7 10. Nd3 Nf6 11. Ne5 Bb7 12. Bb2 Nbd7 13. e4 dxc4 14. Nxd7 Nxd7 15. bxc4 b5 16. e5 bxc4 17. Nxc4 Ba6 18. Qc2 Rb8 19. Rfb1 c5 20. Nd6 cxd4 21. Bxd4 Qa5 22. Rxb8 Rxb8 23. Rd1 Nxe5 24. Bxa7 Rd8 25. Bc5 Bxd6 26. Bf1 Nf3+ 27. Kh1 Bxf1 28. Bxd6 Qa8 29. Rc1 Nd4+ 0-1

[Event "Nabereznye Chelny op 8th"]
[Site "Nabereznye Chelny"]
[Date "2010.01.20"]
[Round "2"]
[White "Sharafiev, Azat"]
[Black "Sadykov, Aidar"]
[Result "1-0"]
[WhiteElo "2439"]
[BlackElo "2267"]
[PlyCount "57"]
[EventDate "2010.01.19"]
[EventType "swiss"]
[EventRounds "9"]
[EventCountry "RUS"]
[SourceTitle "CBM 134 Extra"]
[Source "ChessBase"]
[SourceDate "2010.03.03"]
[SourceVersion "1"]
[SourceVersionDate "2010.03.03"]
[SourceQuality "1"]

1. d4 Nf6 2. c4 e6 3. Nc3 Bb4 4. Qc2 c5 5. dxc5 0-0 6. Nf3 Na6 7. c6 bxc6 8. Bg5 Nc5 9. Nd2 h6 10. Bh4 d5 11. a3 Bxc3 12. Qxc3 d4 13. Qf3 Bb7 14. b4 Ncd7 15. Ne4 a5 16. b5 Rc8 17. Nd6 Ne5 18. Qg3 Qxd6 19. Bxf6 Nd3+ 20. exd3 Qxg3 21. hxg3 gxf6 22. bxc6 Bxc6 23. Rxh6 f5 24. Rh4 e5 25. Rh5 Bd7 26. Be2 Rb8 27. Rg5+ Kh7 28. 0-0-0 Kh6 29. f4 1-0

[Event "Nabereznye Chelny"]
[Site "Nabereznye Chelny"]
[Date "2007.03.03"]
[Round "7"]
[White "Murzin, Lenar"]
[Black "Sadykov, Aidar"]
[Result "1/2-1/2"]
[WhiteElo "2205"]
[BlackElo "2266"]
[PlyCount "228"]
[EventDate "2007.02.17"]
[EventType "tourn"]
[EventRounds "11"]
[EventCountry "RUS"]
[SourceTitle "EXT 2010"]
[Source "ChessBase"]
[SourceDate "2010.11.25"]
[SourceVersion "1"]
[SourceVersionDate "2010.11.25"]
[SourceQuality "1"]

1. d4 Nf6 2. c4 e6 3. Nf3 b6 4. g3 Ba6 5. b3 Bb4+ 6. Bd2 Be7 7. Bg2 c6 8. 0-0 0-0 9. Qc2 d5 10. Rd1 Nbd7 11. Bf4 Rc8 12. Nc3 b5 13. c5 b4 14. Na4 Ne4 15. a3 bxa3 16. Rxa3 Bb5 17. Nb2 Ra8 18. Rda1 a6 19. Nd3 g5 20. Bc1 g4 21. Nfe5 Nxe5 22. Nxe5 f5 23. f3 Nf6 24. Bh6 Re8 25. Qd2 Nd7 26. Nxd7 Qxd7 27. fxg4 e5 28. gxf5 Qxf5 29. Be3 Bf6 30. Rf1 Qe6 31. Ra2 exd4 32. Bxd4 Bxd4+ 33. Qxd4 Qe3+ 34. Qxe3 Rxe3 35. b4 Rxe2 36. Rxe2 Bxe2 37. Rf6 Bb5 38. Bh3 a5 39. bxa5 Rxa5 40. Bd7 Ra1+ 41. Kg2 Rc1 42. Bxc6 Rxc5 43. Bxb5 Rxb5 44. Kf3 Rb2 45. h4 Rb3+ 46. Kf4 Rb4+ 47. Kg5 Rb5 48. Rd6 Rb3 49. g4 d4 50. Rxd4 Rb5+ 51. Kf6 Rb6+ 52. Ke5 h6 53. Rd6 Rb4 54. Kf5 Kg7 55. Rg6+ Kh7 56. Re6 Rb5+ 57. Re5 Rb4 58. Re7+ Kg8 59. Re4 Rb5+ 60. Kg6 Rb6+ 61. Kh5 Kg7 62. Re7+ Kg8 63. Rd7 Rc6 64. Rd5 Kg7 65. Rf5 Rb6 66. Ra5 Rc6 67. Ra7+ Kg8 68. g5 hxg5 69. hxg5 Rb6 70. Ra4 Kg7 71. Re4 Rb7 72. Re6 Rb1 73. Re7+ Kg8 74. Kh6 Rb8 75. Ra7 Rc8 76. Rg7+ Kh8 77. Rg6 Rb8 78. Re6 Rc8 79. Kg6 Kg8 80. Kf6 Rf8+ 81. Kg6 Rc8 82. Rf6 Rb8 83. Kh6 Rc8 84. Ra6 Rb8 85. Rg6+ Kh8 86. Rg7 Rc8 87. Rb7 Ra8 88. g6 Rc8 89. Re7 Kg8 90. Re6 Rb8 91. Kg5 Rf8 92. Re7 Rb8 93. Rf7 Rc8 94. Kh6 Rb8 95. Rg7+ Kh8 96. Re7 Rc8 97. Kg5 Kg8 98. Rf7 Rb8 99. Re7 Rc8 100. Kf6 Rf8+ 101. Rf7 Rc8 102. Rg7+ Kh8 103. Re7 Kg8 104. Ke6 Rc6+ 105. Kf5 Rc8 106. Kf6 Rf8+ 107. Rf7 Rc8 108. Kg5 Rb8 109. Kh6 Rc8 110. Rf6 Rb8 111. g7 Rc8 112. Kg6 Rb8 113. Rf8+ Rxf8 114. gxf8R+ Kxf8 1/2-1/2

[Event "Nabereznye Chelny"]
[Site "Nabereznye Chelny"]
[Date "2007.02.27"]
[Round "5"]
[White "Kniazev, Igor"]
[Black "Sadykov, Aidar"]
[Result "0-1"]
[WhiteElo "2254"]
[BlackElo "2266"]
[PlyCount "137"]
[EventDate "2007.02.17"]
[EventType "tourn"]
[EventRounds "11"]
[EventCountry "RUS"]
[SourceTitle "EXT 2010"]
[Source "ChessBase"]
[SourceDate "2010.11.25"]
[SourceVersion "1"]
[SourceVersionDate "2010.11.25"]
[SourceQuality "1"]

1. d4 Nf6 2. c4 e6 3. g3 d5 4. Bg2 Be7 5. Bg5 0-0 6. e3 dxc4 7. Qa4 a6 8. Qxc4 Nbd7 9. Nd2 c5 10. Ne2 b5 11. Qc2 Ra7 12. Bxf6 gxf6 13. Rd1 Bb7 14. Bxb7 Rxb7 15. Qe4 Qb6 16. g4 cxd4 17. exd4 Rc7 18. Nb3 Bb4+ 19. Kf1 Rfc8 20. Rg1 Rc2 21. Nc5 Rxb2 22. Nxd7 Qd8 23. g5 fxg5 24. Ne5 Rcc2 25. Nc6 Qf6 26. Nxb4 Rxe2 27. Qxe2 Rxe2 28. Kxe2 a5 29. Nc6 Qf4 30. Nxa5 Qe4+ 31. Kf1 g4 32. Nb3 h5 33. Rg3 Qh1+ 34. Ke2 Qxh2 35. d5 exd5 36. Rxd5 Qh1 37. Rgd3 Qe4+ 38. Kd1 h4 39. Nc5 Qh1+ 40. Kc2 Qg2 41. Rf5 g3 42. Rd8+ Kg7 43. Rd7 h3 44. Rdxf7+ Kg8 45. Rf8+ Kh7 46. R5f7+ Kg6 47. Nd3 Qc6+ 48. Kb2 Qe4 49. Nf4+ Kh6 50. fxg3 Qb4+ 51. Kc2 Qc4+ 52. Kd2 Qxa2+ 53. Ke3 Qb3+ 54. Ke4 Qxf7 55. Rxf7 h2 56. Kf5 h1Q 57. Rd7 Qb1+ 58. Rd3 b4 59. g4 b3 60. g5+ Kg7 61. Ke5 Qa1+ 62. Kf5 Qb1 63. Ke5 Qe1+ 64. Kf5 b2 65. Rd7+ Kg8 66. Rd8+ Kf7 67. g6+ Ke7 68. Rd3 b1Q 69. g7 0-1

[Event "Nabereznye Chelny"]
[Site "Nabereznye Chelny"]
[Date "2007.02.21"]
[Round "3"]
[White "Sadykov, Aidar"]
[Black "Zakirov, Rustem"]
[Result "1-0"]
[WhiteElo "2266"]
[BlackElo "2279"]
[PlyCount "81"]
[EventDate "2007.02.17"]
[EventType "tourn"]
[EventRounds "11"]
[EventCountry "RUS"]
[SourceTitle "EXT 2010"]
[Source "ChessBase"]
[SourceDate "2010.11.25"]
[SourceVersion "1"]
[SourceVersionDate "2010.11.25"]
[SourceQuality "1"]

1. e4 c6 2. d4 d5 3. e5 Bf5 4. Nc3 h5 5. Bd3 Bxd3 6. Qxd3 e6 7. Nf3 Ne7 8. 0-0 Nf5 9. Ne2 Be7 10. b3 a5 11. Ng3 g6 12. c4 Qb6 13. c5 Qa6 14. Qxa6 Rxa6 15. Nxf5 gxf5 16. Bd2 Nd7 17. Rac1 a4 18. b4 b5 19. cxb6 Rxb6 20. a3 Rg8 21. h3 Nb8 22. Bc3 Na6 23. Rc2 Nc7 24. Bb2 Nb5 25. Nd2 Kd7 26. Nb1 Rbb8 27. Rfc1 Bg5 28. Rd1 f6 29. Nc3 Nxc3 30. Bxc3 fxe5 31. dxe5 Be7 32. Bd4 Rgc8 33. Bc5 Bg5 34. Rd3 Rg8 35. Bd6 Ra8 36. Rdc3 Rgc8 37. Rg3 Bd8 38. Rg7+ Ke8 39. Rc3 Bh4 40. Rh7 f4 41. Rf3 1-0

[Event "Nabereznye Chelny"]
[Site "Nabereznye Chelny"]
[Date "2007.02.19"]
[Round "2"]
[White "Alyautdinov, Rushan"]
[Black "Sadykov, Aidar"]
[Result "0-1"]
[WhiteElo "2186"]
[BlackElo "2266"]
[PlyCount "74"]
[EventDate "2007.02.17"]
[EventType "tourn"]
[EventRounds "11"]
[EventCountry "RUS"]
[SourceTitle "EXT 2010"]
[Source "ChessBase"]
[SourceDate "2010.11.25"]
[SourceVersion "1"]
[SourceVersionDate "2010.11.25"]
[SourceQuality "1"]

1. e4 c5 2. Nf3 d6 3. d4 cxd4 4. Nxd4 Nf6 5. Nc3 g6 6. Be3 Bg7 7. f3 Nc6 8. Bc4 Qb6 9. Bb3 Ng4 10. fxg4 Bxd4 11. Nd5 Qa5+ 12. Bd2 Qd8 13. c3 Bg7 14. Qe2 e6 15. Ne3 0-0 16. 0-0-0 Ne5 17. h4 a5 18. h5 g5 19. h6 Bf6 20. Nf1 b5 21. Nh2 Ba6 22. Kb1 b4 23. Qf2 a4 24. Bxa4 Bd3+ 25. Bc2 b3 26. axb3 Ra1+ 27. Kxa1 Bxc2 28. Qa7 Qb6 29. Qa3 Qb7 30. Rc1 Bxe4 31. c4 Ra8 32. Ba5 Nc6 33. b4 Nxa5 34. Rc3 Nxc4 35. Ka2 Bxc3 36. Qxa8+ Qxa8+ 37. Kb3 Bxb2 0-1